Thực hành đàm thoại tiếng anh : Tìm việc tàm =,Looking for a job

Đã lưu trong:
书目详细资料
格式: 图书
语言:Undetermined
主题:
标签: 添加标签
没有标签, 成为第一个标记此记录!
Thư viện lưu trữ: Trung tâm Học liệu Trường Đại học Cần Thơ
LEADER 00436nam a2200145Ia 4500
001 CTU_118831
008 210402s9999 xx 000 0 und d
082 |a 428.34 
082 |b Th552 
245 0 |a Thực hành đàm thoại tiếng anh : 
245 0 |b Tìm việc tàm =,Looking for a job 
650 |a English language 
650 |x Spoken english 
904 |i Vuong 
980 |a Trung tâm Học liệu Trường Đại học Cần Thơ